Indian Constitutional Law/ (Record no. 1428835)

MARC details
000 -LEADER
fixed length control field 00726nam a22002297a 4500
005 - DATE AND TIME OF LATEST TRANSACTION
control field 20250519155424.0
008 - FIXED-LENGTH DATA ELEMENTS--GENERAL INFORMATION
fixed length control field 250519b |||||||| |||| 00| 0 eng d
040 ## - CATALOGING SOURCE
Original cataloging agency LCT
Transcribing agency LCT
041 ## - LANGUAGE CODE
Source of code eng
Language code of text/sound track or separate title eng
Language code of original eng
084 ## - COLON CLASSIFICATION NUMBER
Classification number V2:2: (Z) Q16
100 ## - MAIN ENTRY--PERSONAL NAME
Personal name Jain, M.P.
9 (RLIN) 784252
245 ## - TITLE STATEMENT
Title Indian Constitutional Law/
250 ## - EDITION STATEMENT
Edition statement 7th ed.
260 ## - PUBLICATION, DISTRIBUTION, ETC.
Place of publication, distribution, etc. Gurgaon, India:
Name of publisher, distributor, etc. Lexis Nexis,
Date of publication, distribution, etc. 2016
300 ## - PHYSICAL DESCRIPTION
Extent lxviii, 612p.
650 ## - SUBJECT ADDED ENTRY--TOPICAL TERM
Topical term or geographic name entry element Constitution of India
9 (RLIN) 784253
650 ## - SUBJECT ADDED ENTRY--TOPICAL TERM
Topical term or geographic name entry element constitutional jurisprudence
9 (RLIN) 747484
650 ## - SUBJECT ADDED ENTRY--TOPICAL TERM
Topical term or geographic name entry element Goods and Services Tax
9 (RLIN) 747485
650 ## - SUBJECT ADDED ENTRY--TOPICAL TERM
Topical term or geographic name entry element Constitutional amendments and comments
9 (RLIN) 747486
650 ## - SUBJECT ADDED ENTRY--TOPICAL TERM
Topical term or geographic name entry element Reservation
9 (RLIN) 747487
942 ## - ADDED ENTRY ELEMENTS (KOHA)
Source of classification or shelving scheme Colon Classification (CC)
Koha item type Reference
Classification part V2:2: (Z) Q16
Suppress in OPAC No

No items available.

Copyright @ Delhi University Library System